000 00663nam a2200205Ia 4500
005 20241216011450.0
008 190429s9999||||xx |||||||||||||| ||und||
082 _a338.1
_bR74
100 _aQUISPE VILCAPOMA DANTE, RODRIGUEZ ROMERO RODNEY
245 0 _aANALISIS ECONOMICO DE LA PRODUCCION AGRICOLA EN EL DISTRITO DE SAN PEDRO DE PILLAO PROVINCIA DANIEL CARRION PERIODO 1990 -2004
250 _a0
260 _aCERRO DE PASCO-PERU
_bUNDAC
_c2005
300 _a105 pag.
_c70 cm.
341 _h0
490 _v0
_a0
505 _aMETODOLOGIA-TECNICAS-INVESTIGACION
541 _aD
_bRODRIGUEZ ROMERO
_d17-Jan-07
_oSoles
650 _aEconomía
942 _cTESIS
999 _c42608
_d42608